Sports Quiz

Random Sports or NBA Quiz

Eastern Conference Depth Charts 2010-11 Quiz Stats

 Plays Quiz not verified by Sporcle

Score 0/180 Timer 20:00
0 Plays Today
% Correct
Rajon Rondo
96.1%
Joe Johnson
95.8%
Paul Pierce
94.9%
Ray Allen
94.7%
Derrick Rose
94.7%
LeBron James
94.7%
Marvin Williams
94.4%
Dwyane Wade
94.4%
Kevin Garnett
93.8%
Chris Bosh
93.5%
Josh Smith
93.3%
Lou Williams
93%
Amir Johnson
92.4%
Baron Davis
91.9%
Joakim Noah
91%
Shaquille O'neal
90.7%
Deron Williams
90.7%
Al Horford
90.4%
Stephen Jackson
89.3%
John Wall
89%
Brandon Jennings
88.8%
Dwight Howard
88.8%
Kirk Hinrich
87.6%
Andrew Bogut
87.6%
Jameer Nelson
87.1%
Danny Granger
86.2%
Luol Deng
85.7%
Carlos Boozer
85.7%
Greg Monroe
85.7%
Rodney Stuckey
84.3%
Glen Davis
83.7%
Nick Young
83.4%
Joel Anthony
83.1%
Antawn Jamison
82.9%
Mike Bibby
82.9%
Rashard Lewis
82.9%
Amar'e Stoudemire
82%
Troy Murphy
81.5%
Brian Scalabrine
80.9%
Nenad Krstic
80.6%
Gerald Henderson
80.6%
Tayshaun Prince
80.6%
Brook Lopez
80.3%
Carmelo Anthony
80.1%
Brandon Bass
79.8%
Chauncey Billups
79.2%
Roy Hibbert
78.7%
Jason Richardson
78.7%
Tracy McGrady
77.5%
Eddie House
77.5%
Shawne Williams
77.5%
James Jones
76.4%
D.J. Augustin
75.3%
Jose Calderon
75.3%
Taj Gibson
73.9%
Daniel 'Boobie' Gibson
73.9%
Mario Chalmers
73.6%
Zydrunas Ilgauskas
73.3%
Darren Collison
73%
Anthony Morrow
73%
% Correct
Andrea Bargnani
73%
Dahntay Jones
72.5%
Jamal Crawford
71.6%
Chris Duhon
71.1%
Elton Brand
70.2%
Etan Thomas
69.1%
Tim Thomas
69.1%
J.J. Hickson
69.1%
Jodie Meeks
69.1%
Juwon Howard
68.8%
Jerryd Bayless
68.8%
Delonte West
68.5%
Jrue Holiday
68.3%
Ben Gordon
67.7%
Malik Allen
67.4%
Kris Humphries
66.6%
Josh Howard
66.6%
Anthony Parker
66.3%
Jason Collins
65.7%
Sasha Pavlovic
65.7%
Mike Miller
65.4%
John Salmons
65.4%
Michael Redd
65.4%
Johan Petro
64.3%
Andre Iguodala
64.3%
Hedo Turkoglu
64%
Charlie Villanueva
63.8%
Ronnie Brewer
63.5%
Andray Blatche
62.9%
Alexis Ajinca
61.8%
Omer Asik
61.5%
Jeff Green
61.2%
JaVale McGee
61.2%
Damion James
60.7%
J.J. Redick
60.7%
Zaza Pachulia
60.4%
DeMar DeRozan
59.6%
Tyler Hansbrough
59.3%
Spencer Hawes
58.7%
Keith Bogans
58.1%
Boris Diaw
57.9%
Evan Turner
56.7%
Quentin Richardson
56.5%
Corey Maggette
56.2%
Richard 'Rip' Hamilton
55.3%
Lance Stephenson
55.3%
Sheldon Williams
54.5%
Jeff Teague
53.4%
Kwame Brown
52.5%
Luke Harangody
52.5%
Ersan Ilyasova
52.5%
A.J. Price
52%
Gilbert Arenas
52%
Ben Wallace
51.4%
Toney Douglas
50%
Ryan Anderson
50%
Brandan Wright
47.2%
Christian Eyenga
46.9%
Daniel Orton
46.9%
Ronny Turiaf
46.3%
% Correct
Josh McRoberts
45.8%
Drew Gooden
45.8%
C.J. Watson
45.5%
Brandon Rush
45.2%
Mustafa Shakur
45.2%
Reggie Evans
44.1%
Landry Fields
43.8%
Kyle Korver
43.3%
Jared Jeffries
43%
Chris Wilcox
42.7%
Luc Richard Mbah a Moute
41.6%
Leandro Barbosa
41.6%
Joel Przybilla
40.7%
Will Bynum
39%
Jeff Foster
38.8%
Renaldo Balkman
38.8%
Kurt Thomas
38.5%
Bill Walker
38.2%
Austin Daye
37.6%
Carlos Arroyo
37.4%
Ramon Sessions
37.4%
Alonzo Gee
37.4%
Paul George
37.4%
Trevor Booker
37.4%
Chris Delfino
36.5%
Ed Davis
36.5%
Julian Wright
36.2%
Damien Wilkins
35.7%
Al Thornton
34.6%
Marreese Speights
34%
Erick Dampier
33.7%
Jason Maxiell
31.7%
Sasha Vujacic
31.5%
Jordan Farmar
30.1%
Thaddeus Young
28.9%
Jordan Crawford
28.7%
Keyon Dooling
27.8%
Chris Douglas-Roberts
27%
Sonny Weems
27%
Shaun Livingston
26.4%
Roger Mason
26.4%
Andres Nocioni
26.1%
Matt Caroll
25.6%
DeSagana Diop
25.6%
Dan Gadzuric
25.3%
Travis Outlaw
25.3%
Semih Erden
24.2%
Jason Kapono
23.9%
James Posey
23.3%
Morris Peterson
22.5%
Joey Graham
20.8%
Ryan Hollins
19.9%
Joey Dorsey
18.5%
Josh Powell
17.4%
Yi Jianlian
14.9%
Darius Songaila
14%
Hamady Ndiaye
12.4%
Quinton Ross
12.1%
Eduardo Najera
11.5%
Jon Brockman
8.4%

You're not logged in!

Compare scores with friends on all Sporcle quizzes.
OR
Log In

Show Comments

Extras

Top Quizzes Today


Score Distribution

Your Account Isn't Verified!

In order to create a playlist on Sporcle, you need to verify the email address you used during registration. Go to your Sporcle Settings to finish the process.

Report this User

Report this user for behavior that violates our Community Guidelines.

Details: